MARC

LEADER 00000nam0a2200000 4500
001 31960
005 20231101210052.0
010 |a 5247023064 
035 |a (RuTPU)RU\TPU\book\32255 
035 |a BOOK00000005 
090 |a 31960 
100 |a 20011210d1992 k y0rusy50 ca 
101 0 |a rus 
102 |a RU 
105 |a a z 001zy 
200 1 |a Моделирование геологических образований методами пространственной гравиметрии  |f В. И. Андреев 
210 |a Москва  |c Наука  |d 1992 
215 |a 224 с.  |c ил. 
320 |a Библиогр.: с. 211-215. 
606 |a Гравитационная разведка  |2 stltpush  |3 (RuTPU)RU\TPU\subj\8445  |9 35856 
610 1 |a геология 
610 1 |a геологические структуры 
610 1 |a восстановление 
610 1 |a реконструкция 
610 1 |a гравиметрия 
610 1 |a магнитометрия 
610 1 |a грвитационные аномалии 
610 1 |a магнитные аномалии 
610 1 |a локализация 
610 1 |a геофизические исследования 
610 1 |a геологические исследования 
610 1 |a интерпретация результатов 
675 |a 550.831  |v 3 
700 1 |a Андреев  |b В. И.  |g Виктор Иванович 
801 0 |a RU  |b 63413507  |c 20011210  |g PSBO 
801 2 |a RU  |b 63413507  |c 20171004  |g PSBO 
942 |c BK